| 000 | 01239nam a2200241Ia 4500 | ||
|---|---|---|---|
| 999 |
_c40650 _d40650 |
||
| 001 | 7278 | ||
| 003 | GE_BSU | ||
| 005 | 20191220161637.0 | ||
| 008 | 181216s2013||||ge |||||||||||||| ||geo|| | ||
| 020 | _a9789941434259 | ||
| 040 | _cGE_BSU | ||
| 041 | _ageo | ||
| 080 | _a33(079) გ-43 | ||
| 100 |
_aგეჩბაია, ბადრი _91999 |
||
| 245 |
_aცენტრალური კავკასიის ქვეყნების ეკონომიკური განვითარების ზოგადი მიმოხილვა _b(თეორიული ასპექტები) : [მონოგრაფია] / _cბადრი გეჩბაია ; რედ. იბად აბასოვი. |
||
| 264 |
_aბათუმი : _bშოთა რუსთაველის უნი-ტის გამ-ბა, _c2013. |
||
| 300 |
_a41 გვ.; _b20 სმ. |
||
| 504 | _aბიბლიოგრ. ტექსტის შენიშვნ. | ||
| 653 | _aმაკროეკონომიკა | ||
| 653 | _a კავკასიის ეკონომიკა | ||
| 700 |
_aაბასოვი, იბად _eრედაქტორი _95883 |
||
| 942 |
_cBK _2udc |
||